000 00318nam a22001217a 4500
020 _a8122413676
082 _222
_a691.7
100 _aRaz, Sarwar Alam.
245 _aStructural design in steel /
260 _aNew Delhi,
_bNe Age International,
_cc2002.
300 _axi, 611 p. ;
_bill. ;
_c24 cm.
942 _2ddc
_cCIVIL
_01
999 _c318
_d318